000 00450nam a2200157 i 4500
001 30031
003 ES-MaACL
005 20230906154128.0
007 t|
008 030123q1929 xxk ||||1| eng d
100 1 _aBarrie, J.M.
_925970
245 1 0 _aPeter Pan in Kensington gardens /
_cby J.M. Barrie.
260 _aLondon :
_bHodder and Stoughton,
_c[1929?]
300 _a125 p. ;
_c20 cm.
852 _aES-MaACL
_jR-2614
_bR.4805
_xOlim:F-5069
999 _c30031
_d30031